00591nam a2200181Ia 4500001000800000003000500008008004100013010001100054040000900065100002800074245014900102260003100251300001000282410003300292650002000325700003700345700002700382Para_77CHAP220125s1985 xx 000 0 und d a198650 cCHAP aMayorquín L., Higinio aEl cultivo de maíz de riego para grano en el centro de Sinaloa /c por Higinio Mayorquín L., Jesús Alvarado Martínez y Raymundo Leyva G aCuliacán, Sin. :b INIA a12 p. aFolleto para productores; 21 aMaízxSinaloa aI. Alvarado Martínez, Jesús  aII. Leyva G., Raymundo